Planteles de River Plate década 2010 - Estadísticas

Estadísticas generales
  • Esta prueba ha sido intentada 202 veces
  • La puntuación promedio es 40 de 60
Estadísticas de respuestas
Hint Respuesta % Correcto
ARQ Franco Armani
99%
ARQ Marcelo Barovero
96%
DEF Jonatan Maidana
93%
DEL Rafael Santos Borré
92%
MED Gonzalo Martínez
91%
DEF Gonzalo Montiel
89%
MED Leonardo Ponzio
89%
DEL Lucas Pratto
89%
DEL Lucas Alario
88%
DEF Ramiro Funes Mori
88%
DEL Rogelio Funes Mori
88%
DEL Fernando Cavenaghi
87%
ARQ Augusto Batalla
86%
MED Carlos Sánchez
86%
DEF Milton Casco
86%
DEF Gabriel Mercado
85%
MED Ignacio Fernández
85%
DEF Javier Pinola
85%
DEF Nicolás Sánchez
85%
MED Enzo Pérez
84%
DEL Rodrigo Mora
84%
ARQ Juan Pablo Carrizo
83%
DEF Leonel Vangioni
83%
DEL Ignacio Scocco
80%
DEF Lucas Martínez Quarta
77%
DEL Sebastián Driussi
76%
DEL Teófilo Gutiérrez
76%
MED Matías Kranevitter
75%
MED Camilo Mayada
73%
ARQ Daniel Vega
73%
MED Ariel Rojas
69%
MED Manuel Lanzini
67%
DEF Éder Álvarez Balanta
66%
MED Erik Lamela
65%
MED Alejandro Domínguez
64%
DEL Ariel Ortega
63%
DEF Juan Manuel Díaz
63%
DEF Marcelo Saracchi
63%
DEF Jorge Moreira
59%
MED Matías Almeyda
59%
MED Carlos Carbonero
58%
DEL Lucas Ocampos
56%
MED Cristian Ledesma
54%
DEL Mariano Pavone
54%
DEF Emanuel Mammana
51%
DEF Paulo Ferrari
50%
MED Bruno Zuculini
48%
MED Diego Buonanotte
47%
DEF Leandro González Pírez
45%
MED Ezequiel Cirigliano
41%
MED Matías Abelairas
40%
DEF Adalberto Román
38%
DEF Alexis Ferrero
37%
DEF Jonathan Bottinelli
37%
DEF Luciano Abecasis
37%
MED Roberto Pereyra
37%
MED Nicolás Domingo
36%
MED Walter Acevedo
36%
DEF Cristian Villagra
34%
DEF Gustavo Cabral
28%
No se encontraron pruebas coincidentes
Distribución de puntuación
Porcentaje de gente con cada puntuación
Porcentaje por número respondido
Historial de tus puntuaciones
No has intentado esta prueba.